[Event "TV2 Fagernes International 2018"]
[Site "Scandic Hotel Fagernes"]
[Date "2018.03.25"]
[Round "1"]
[White "Skrede, Alexander"]
[Black "Knutsen, Øystein"]
[Result "1-0"]
[WhiteElo "1242"]
[BlackElo "1815"]
[PlyCount "63"]
[EventDate "2018.??.??"]

1. e4 d5 2. exd5 Qxd5 3. Nc3 Qa5 4. d4 c6 5. Nf3 Bf5 6. Bd2 Qc7 7. Bc4 e6 8.
Bb3 Nf6 9. Qe2 Bd6 10. O-O-O O-O 11. Nh4 Bg6 12. Nxg6 hxg6 13. h4 Bf4 14. g4
Bxd2+ 15. Rxd2 Qf4 16. f3 Nbd7 17. Qg2 Rfe8 18. Ne2 Qc7 19. Ng3 a5 20. g5 a4
21. Bc4 Nd5 22. Qh2 b5 23. Bd3 a3 24. b3 Nc3 25. Ne4 Qxh2 26. Rdxh2 Nxa2+ 27.
Kd2 Nb4 28. h5 gxh5 29. Rxh5 Kf8 30. Nd6 Reb8 31. Re1 a2 32. Rh8+
1-0

[Event "TV2 Fagernes International 2018"]
[Site "Scandic Hotel Fagernes"]
[Date "2018.03.25"]
[Round "1"]
[White "Wright, Haakon"]
[Black "Ji, Jiabao Eivind"]
[Result "1-0"]
[WhiteElo "1798"]
[BlackElo "1192"]
[PlyCount "77"]
[EventDate "2018.??.??"]

1. d4 d5 2. Bf4 Nc6 3. e3 f6 4. c4 dxc4 5. Bxc4 Bf5 6. Nc3 e5 7. dxe5 Qxd1+ 8.
Rxd1 fxe5 9. Bg3 Bc5 10. Nf3 e4 11. Ne5 Nxe5 12. Bxe5 Rc8 13. Bxg7 Bg4 14. Rd2
Ne7 15. Bxh8 Nf5 16. Nxe4 Bb4 17. Bc3 Be7 18. Nf6+ Bxf6 19. Bxf6 Nd6 20. Bd5 c6
21. Bf3 Bxf3 22. gxf3 Nc4 23. Rc2 Nd6 24. Rg1 Kf7 25. Be5 Nf5 26. Rd2 Nh4 27.
Ke2 Nf5 28. f4 Re8 29. e4 Ne7 30. Rg7+ Kf8 31. Rxh7 Ng6 32. Rdd7 Re7 33. Bd6
Ke8 34. Rdxe7+ Nxe7 35. Rxe7+ Kd8 36. f5 b5 37. f6 a5 38. f7 c5 39. f8=R#
1-0

[Event "TV2 Fagernes International 2018"]
[Site "Scandic Hotel Fagernes"]
[Date "2018.03.25"]
[Round "1"]
[White "Shehzad, Alina"]
[Black "Aarnes, Eirik"]
[Result "0-1"]
[WhiteElo "1073"]
[BlackElo "1785"]
[PlyCount "44"]
[EventDate "2018.??.??"]

1. e4 d5 2. exd5 Nf6 3. Bc4 Nxd5 4. Bxd5 Qxd5 5. Nc3 Qxg2 6. Qf3 Qxf3 7. Nxf3
Bf5 8. d3 Nc6 9. Bf4 O-O-O 10. O-O-O Bg4 11. Ng5 Bh5 12. Rde1 h6 13. Nge4 e5
14. Bg3 f5 15. Nd2 f4 16. Bh4 g5 17. Bg3 fxg3 18. hxg3 Bg6 19. Nb3 b6 20. Rd1
Bg7 21. Rhf1 Rhf8 22. Rd2 g4
0-1

[Event "TV2 Fagernes International 2018"]
[Site "Scandic Hotel Fagernes"]
[Date "2018.03.25"]
[Round "1"]
[White "Darnell, Anton"]
[Black "Syse, Knut"]
[Result "1-0"]
[WhiteElo "2029"]
[BlackElo "1671"]
[PlyCount "101"]
[EventDate "2018.??.??"]

1. d4 d5 2. c4 e6 3. Nf3 Nf6 4. g3 Be7 5. Bg2 O-O 6. O-O dxc4 7. Qc2 a6 8. a4
Bd7 9. Qxc4 Bc6 10. Nc3 b5 11. Qb3 b4 12. Na2 Bd5 13. Qd3 c5 14. dxc5 Bxc5 15.
Be3 Bxe3 16. Qxe3 Qe7 17. Nc1 Ra7 18. Nd3 Rc8 19. Nxb4 Rac7 20. Nd3 Be4 21.
Nfe5 Bxg2 22. Kxg2 Nd5 23. Qf3 f6 24. Ng4 Nb4 25. Rfc1 Nxd3 26. Rxc7 Ne1+ 27.
Rxe1 Qxc7 28. Ne3 Nd7 29. b4 Ne5 30. Qe4 f5 31. Qd4 Qc6+ 32. Kg1 Qc3 33. Qxc3
Rxc3 34. Rb1 Nc4 35. Nxc4 Rxc4 36. b5 axb5 37. axb5 Rc7 38. b6 Rb7 39. f4 Kf7
40. Kf2 Kf6 41. Rb5 Ke7 42. Ke3 Kd6 43. Kd4 h6 44. h4 h5 45. Rb3 Rb8 46. b7 Kc6
47. Ke5 Kd7 48. Rb6 Kc7 49. Rxe6 Kxb7 50. Kxf5 Rf8+ 51. Kg5
1-0

[Event "TV2 Fagernes International 2018"]
[Site "Scandic Hotel Fagernes"]
[Date "2018.03.25"]
[Round "1"]
[White "Skotheim, Håvard"]
[Black "Blazekovic, Nina"]
[Result "0-1"]
[WhiteElo "1324"]
[BlackElo "1825"]
[PlyCount "56"]
[EventDate "2018.??.??"]

1. e4 c5 2. Nc3 Nc6 3. f4 g6 4. Nf3 Bg7 5. Bb5 e6 6. Bxc6 bxc6 7. O-O Ne7 8. d3
d5 9. e5 Nf5 10. b3 Ba6 11. Re1 O-O 12. Rb1 Qc7 13. d4 cxd4 14. Nxd4 Qb6 15.
Be3 Nxe3 16. Rxe3 c5 17. Na4 Qc7 18. Nf3 Rab8 19. a3 Rfd8 20. c3 Bh6 21. Ng5 d4
22. Rg3 dxc3 23. Qc2 Bxg5 24. fxg5 Qxe5 25. Qxc3 Qf5 26. Rc1 Rd5 27. Rf3 Qxg5
28. Rf6 Rd3
0-1

[Event "TV2 Fagernes International 2018"]
[Site "Scandic Hotel Fagernes"]
[Date "2018.03.25"]
[Round "2"]
[White "Fuglestein, Sander"]
[Black "Mihajlov, Svetoslav"]
[Result "1/2-1/2"]
[WhiteElo "1886"]
[BlackElo "2197"]
[PlyCount "112"]
[EventDate "2018.??.??"]

1. d4 Nf6 2. Nf3 e6 3. g3 b6 4. Bg2 Bb7 5. O-O c5 6. c4 cxd4 7. Nxd4 Bxg2 8.
Kxg2 Qc7 9. b3 d6 10. Bb2 Nbd7 11. Nc3 a6 12. e4 Be7 13. Qd2 Nc5 14. f3 O-O 15.
Rac1 Rfd8 16. Rfd1 Qb7 17. Qe3 Rac8 18. Rc2 Ncd7 19. Rcd2 Ne5 20. h3 Nc6 21.
Nxc6 Qxc6 22. e5 dxe5 23. Qxe5 Rxd2+ 24. Rxd2 Ne8 25. Qe4 Qxe4 26. Nxe4 Rc7 27.
Bd4 f5 28. Nc3 Rd7 29. Be3 Rb7 30. Kf2 Kf7 31. Na4 b5 32. cxb5 axb5 33. Nc5
Bxc5 34. Bxc5 Nf6 35. a4 bxa4 36. bxa4 Nd5 37. Ra2 Rc7 38. Be3 Rc3 39. Bd4 Rc4
40. Ba1 Nb4 41. Ra3 Nc2 42. Rc3 Rxa4 43. Rc7+ Ke8 44. Bxg7 Ra2 45. f4 Nb4+ 46.
Kf3 Ra3+ 47. Kg2 Nd5 48. Rb7 h5 49. Be5 Ra2+ 50. Kf3 Ra3+ 51. Kf2 h4 52. gxh4
Rxh3 53. Rh7 Ne3 54. Bf6 Ng4+ 55. Kg2 Re3 56. Bg5 e5
1/2-1/2

[Event "TV2 Fagernes International 2018"]
[Site "Scandic Hotel Fagernes"]
[Date "2018.03.25"]
[Round "2"]
[White "Aroven, Mikael"]
[Black "Gundersen, Ingvar"]
[Result "1-0"]
[WhiteElo "2121"]
[BlackElo "1888"]
[PlyCount "113"]
[EventDate "2018.??.??"]

1. Nf3 Nf6 2. c4 e6 3. g3 d5 4. Bg2 c6 5. b3 Nbd7 6. Bb2 Bd6 7. O-O a6 8. d4
Ne4 9. Nfd2 f5 10. Nc3 O-O 11. e3 Qg5 12. Ne2 Qh6 13. f4 Nxd2 14. Qxd2 Nf6 15.
Nc1 Ne4 16. Qa5 Rf7 17. Bxe4 Bc7 18. Qd2 fxe4 19. a4 Bd7 20. a5 Rf6 21. Ba3 Be8
22. Be7 Rf7 23. Qb4 Rb8 24. Bd6 Rd8 25. Bc5 Bb8 26. Ra2 g6 27. Raf2 Rdd7 28.
Qe1 Qh3 29. Rg2 h5 30. g4 hxg4 31. Rg3 Qh5 32. Qe2 Rh7 33. Rf2 Bc7 34. Bb6 Bd6
35. Qxg4 Qxg4 36. Rxg4 Rh3 37. Rg3 Rdh7 38. Bd8 Bb4 39. Re2 R3h5 40. Na2 Bd6
41. Nc3 Bb4 42. Na2 Bd6 43. c5 Bb8 44. Bg5 Bc7 45. b4 Rh3 46. Reg2 R7h5 47. Nc3
Bf7 48. Nd1 Kf8 49. Nf2 Rxg3 50. Rxg3 Ke8 51. Kg2 Kd7 52. Ng4 Rxg5 53. fxg5
Bxg3 54. Kxg3 Ke7 55. Kf4 e5+ 56. Nxe5 Ke6 57. Nxf7
1-0

[Event "TV2 Fagernes International 2018"]
[Site "Scandic Hotel Fagernes"]
[Date "2018.03.25"]
[Round "2"]
[White "Melkevik, Johannes"]
[Black "Løbersli, Henrik Øie"]
[Result "1/2-1/2"]
[WhiteElo "1865"]
[BlackElo "2081"]
[PlyCount "59"]
[EventDate "2018.??.??"]

1. e4 e5 2. Nf3 Nc6 3. Bc4 Nf6 4. d3 Be7 5. O-O O-O 6. Re1 d6 7. a4 Kh8 8. Nc3
Bg4 9. h3 Bh5 10. Nd5 Nxd5 11. Bxd5 f5 12. exf5 Bxf3 13. Bxf3 d5 14. g4 Bf6 15.
c3 Qd6 16. Bg2 Rad8 17. a5 Bh4 18. b4 g6 19. b5 Ne7 20. Ba3 Qf6 21. Qe2 gxf5
22. Qxe5 Ng6 23. Qxf6+ Rxf6 24. Ra2 fxg4 25. hxg4 Rd7 26. c4 Nf4 27. Re8+ Kg7
28. Re7+ Rf7 29. Rxd7 Rxd7 30. Bf1
1/2-1/2

[Event "TV2 Fagernes International 2018"]
[Site "Scandic Hotel Fagernes"]
[Date "2018.03.25"]
[Round "2"]
[White "Smedsrud, Morten S"]
[Black "Guddahl, Viggo"]
[Result "0-1"]
[WhiteElo "1349"]
[BlackElo "2072"]
[PlyCount "42"]
[EventDate "2018.??.??"]

1. e4 c5 2. Nf3 Nc6 3. d4 cxd4 4. Nxd4 Nf6 5. Nc3 e5 6. Ndb5 d6 7. Bg5 a6 8.
Na3 Be6 9. Nc4 Rc8 10. Ne3 Be7 11. Be2 O-O 12. O-O Nxe4 13. Nxe4 Bxg5 14. Qxd6
Bxe3 15. fxe3 Qh4 16. Ng3 Rfd8 17. Qa3 Nb4 18. Bd3 Nxc2 19. Bxc2 Rxc2 20. Nf5
Bxf5 21. Rxf5 Rdd2
0-1

[Event "TV2 Fagernes International 2018"]
[Site "Scandic Hotel Fagernes"]
[Date "2018.03.25"]
[Round "2"]
[White "Loberg, Jo Kristian"]
[Black "Rolstad, Morten"]
[Result "1-0"]
[WhiteElo "2060"]
[BlackElo "1850"]
[PlyCount "83"]
[EventDate "2018.??.??"]

1. e4 e5 2. Nf3 Nc6 3. d4 exd4 4. Bc4 Bc5 5. c3 Nf6 6. cxd4 Bb4+ 7. Bd2 Nxe4 8.
Bxb4 Nxb4 9. Bxf7+ Kxf7 10. Qb3+ d5 11. Qxb4 Rf8 12. O-O Kg8 13. Nbd2 a5 14.
Qb3 Nxd2 15. Nxd2 Ra6 16. Nf3 Rb6 17. Qa3 Bd7 18. Rac1 Bb5 19. Rfe1 Rbf6 20.
Qe7 c6 21. Qxd8 Rxd8 22. Re7 Rf7 23. Rce1 h6 24. h4 Rdf8 25. Rxf7 Rxf7 26. Re8+
Kh7 27. Ne5 Rf4 28. h5 Rf5 29. g4 Rf6 30. Ng6 Rxg6 31. hxg6+ Kxg6 32. Kh2 Kf6
33. Rb8 Ba6 34. f4 Ke7 35. Kg3 c5 36. dxc5 d4 37. Kf3 d3 38. Ke3 Kd7 39. Rg8
Kc6 40. Rxg7 Kxc5 41. Rh7 Kb4 42. Rxh6
1-0

[Event "TV2 Fagernes International 2018"]
[Site "Scandic Hotel Fagernes"]
[Date "2018.03.25"]
[Round "2"]
[White "Mikelsen, Mattis"]
[Black "Darnell, Anton"]
[Result "0-1"]
[WhiteElo "1849"]
[BlackElo "2029"]
[PlyCount "72"]
[EventDate "2018.??.??"]

1. e4 e5 2. Nf3 Nc6 3. Bc4 Bc5 4. b4 Bxb4 5. c3 Ba5 6. d4 Qe7 7. Ba3 Qf6 8. O-O
Bb6 9. Qb3 d6 10. dxe5 Nxe5 11. Nxe5 dxe5 12. Nd2 Ne7 13. Nf3 O-O 14. Qb5 Be6
15. Bxe6 Qxe6 16. Qxe5 Qxe5 17. Nxe5 Rfe8 18. Rad1 Ng6 19. Nxg6 hxg6 20. Rfe1
Rad8 21. Rxd8 Rxd8 22. Kf1 Rd2 23. Re2 Rd1+ 24. Re1 Rd2 25. Re2 Rd1+ 26. Re1
Rd3 27. Bb2 Ba5 28. Rb1 Rd2 29. Ke1 Rxb2 30. Rxb2 Bxc3+ 31. Rd2 g5 32. g3 g4
33. Ke2 Bxd2 34. Kxd2 b5 35. Kc3 c5 36. a4 a6
0-1

[Event "TV2 Fagernes International 2018"]
[Site "Scandic Hotel Fagernes"]
[Date "2018.03.25"]
[Round "2"]
[White "Hagesæther, Arne"]
[Black "Melaa, Sondre Lillestøl"]
[Result "1/2-1/2"]
[WhiteElo "2002"]
[BlackElo "1844"]
[PlyCount "81"]
[EventDate "2018.??.??"]

1. d4 Nf6 2. c4 e6 3. Nf3 b6 4. g3 Bb7 5. Bg2 Bb4+ 6. Bd2 Bxd2+ 7. Qxd2 O-O 8.
Nc3 d6 9. O-O Nbd7 10. Rfd1 Ne4 11. Qc2 Nxc3 12. Qxc3 f5 13. b4 Nf6 14. Rac1 a5
15. b5 Ne4 16. Qb2 Rb8 17. Ne1 Qe7 18. Nd3 c5 19. f3 Nf6 20. dxc5 bxc5 21. a4
e5 22. Qd2 e4 23. Nf4 Rfd8 24. Rc2 d5 25. cxd5 Nxd5 26. Nxd5 Rxd5 27. Qc1 Rxd1+
28. Qxd1 exf3 29. Bxf3 Rd8 30. Qf1 Bxf3 31. Qxf3 g6 32. Qb3+ Kf8 33. Qc3 Rd4
34. b6 Qe4 35. Qxc5+ Kg7 36. Qc7+ Kh6 37. Qf4+ Qxf4 38. gxf4 Rb4 39. Rc5 Rxb6
40. Rxa5 Rb4 41. Ra7
1/2-1/2

[Event "TV2 Fagernes International 2018"]
[Site "Scandic Hotel Fagernes"]
[Date "2018.03.25"]
[Round "2"]
[White "Tocklin, Tomi"]
[Black "Vitenberg, Noam Aviv"]
[Result "0-1"]
[WhiteElo "1844"]
[BlackElo "1975"]
[PlyCount "86"]
[EventDate "2018.??.??"]

1. e4 c6 2. d4 d5 3. exd5 cxd5 4. Bd3 Nc6 5. c3 Qc7 6. Ne2 Bg4 7. Bf4 Qd7 8.
O-O Nf6 9. Nd2 e6 10. Nf3 Bxf3 11. gxf3 Bd6 12. Qd2 O-O 13. Bxd6 Qxd6 14. Qg5
Rfc8 15. Kh1 Ne7 16. Rg1 Ne8 17. Qh4 Ng6 18. Bxg6 hxg6 19. Rg3 Qd8 20. Qxd8
Rxd8 21. Nf4 Nd6 22. Nd3 Rac8 23. Ne5 a5 24. Rag1 Nc4 25. Nxc4 Rxc4 26. h4 e5
27. dxe5 Rxh4+ 28. Kg2 Re8 29. Rg5 Rc4 30. Rd1 Rc5 31. f4 Re6 32. Kf3 Rb6 33.
Rd2 a4 34. a3 Rb3 35. e6 fxe6 36. Rxg6 Kf7 37. Rg1 Rcb5 38. Rd4 Rxb2 39. Rxa4
Rc2 40. Rb4 Rxc3+ 41. Kg4 Rxb4 42. axb4 Rb3 43. Rc1 Kf6
0-1

[Event "TV2 Fagernes International 2018"]
[Site "Scandic Hotel Fagernes"]
[Date "2018.03.25"]
[Round "2"]
[White "Hoem, Tor Wetle"]
[Black "Sidali, Elias Hulleberg"]
[Result "1/2-1/2"]
[WhiteElo "1953"]
[BlackElo "1840"]
[PlyCount "101"]
[EventDate "2018.??.??"]

1. d4 Nf6 2. Nf3 e6 3. e3 d5 4. Bd3 Bd6 5. b3 O-O 6. Bb2 c5 7. O-O Nc6 8. a3 b6
9. Nbd2 Bb7 10. Ne5 Bxe5 11. dxe5 Nd7 12. f4 f5 13. exf6 Nxf6 14. Rf3 Qe7 15.
Rh3 e5 16. fxe5 Nxe5 17. Bxh7+ Nxh7 18. Qh5 Ng5 19. Qh8+ Kf7 20. Qh5+ g6 21.
Qh7+ Nxh7 22. Rxh7+ Ke8 23. Rxe7+ Kxe7 24. Bxe5 Ke6 25. Bf4 d4 26. Re1 Kd7 27.
g3 Rae8 28. Nc4 Rf5 29. h4 b5 30. Nd2 dxe3 31. Nf1 e2 32. Nd2 a6 33. Kf2 Bc6
34. Rxe2 Rxe2+ 35. Kxe2 Ke6 36. Nf1 Rf7 37. Ne3 Be4 38. Kd2 Bf5 39. c4 Rd7+ 40.
Ke2 Bb1 41. Nd5 Ba2 42. Nc7+ Rxc7 43. Bxc7 Bxb3 44. cxb5 axb5 45. Ke3 Kd5 46.
Kd3 Bd1 47. Bf4 Kc6 48. Kc3 Kb6 49. Bd6 Kc6 50. Bf4 Kd5 51. Bb8
1/2-1/2

[Event "TV2 Fagernes International 2018"]
[Site "Scandic Hotel Fagernes"]
[Date "2018.03.25"]
[Round "2"]
[White "Blazekovic, Nina"]
[Black "Ayzenberg, Alena"]
[Result "1-0"]
[WhiteElo "1825"]
[BlackElo "1950"]
[PlyCount "80"]
[EventDate "2018.??.??"]

1. e4 e6 2. d4 d5 3. e5 c5 4. c3 Nc6 5. Be3 cxd4 6. cxd4 Qb6 7. Qd2 Nge7 8. Nc3
Nf5 9. Nf3 Nxe3 10. fxe3 Be7 11. Rd1 O-O 12. Bd3 f5 13. exf6 Rxf6 14. O-O h6
15. Kh1 Bd7 16. Bb1 Be8 17. e4 Bb4 18. e5 Rf8 19. Qd3 g6 20. Nh4 Rxf1+ 21. Qxf1
Qd8 22. Nxg6 Qg5 23. Nf4 Bf7 24. Rd3 Kh8 25. Rg3 Qe7 26. Qd3 Be8 27. Nxe6 Bxc3
28. bxc3 Rb8 29. Rg7 Qxg7 30. Nxg7 Kxg7 31. Qh7+ Kf8 32. Qxh6+ Ke7 33. Qd6+ Kf7
34. Bg6+ Kg7 35. Qf6+ Kg8 36. Bf5 a5 37. e6 a4 38. e7 Bf7 39. Qg5+ Kh8 40. Qh6+
Kg8
1-0

[Event "TV2 Fagernes International 2018"]
[Site "Scandic Hotel Fagernes"]
[Date "2018.03.25"]
[Round "2"]
[White "Narva, Regina"]
[Black "Sørensen, Simen"]
[Result "1/2-1/2"]
[WhiteElo "1939"]
[BlackElo "1821"]
[PlyCount "116"]
[EventDate "2018.??.??"]

1. e4 c5 2. Nf3 e6 3. c3 Nf6 4. Bd3 Nc6 5. Bc2 Be7 6. O-O O-O 7. a3 d5 8. e5
Nd7 9. d4 f5 10. exf6 Nxf6 11. Re1 Qb6 12. b4 cxd4 13. cxd4 a5 14. bxa5 Nxa5
15. Nc3 Nc4 16. Nxd5 exd5 17. Rxe7 Qd6 18. Re1 Bg4 19. Qd3 Bh5 20. Ne5 Rac8 21.
Qh3 Qb6 22. Nxc4 dxc4 23. Qe6+ Qxe6 24. Rxe6 Rce8 25. Rxe8 Rxe8 26. Be3 Ra8 27.
h3 Bf7 28. Bf4 Bd5 29. Bd6 Re8 30. Be5 Re6 31. Rb1 Ra6 32. a4 h6 33. Rb5 Bc6
34. Rb4 Bd5 35. Bf5 Ra8 36. Rb5 Bc6 37. Be6+ Kh7 38. Rc5 Rxa4 39. Rxc4 Ra1+ 40.
Kh2 Nd5 41. Bxd5 Bxd5 42. Rc7 Kg6 43. Rxg7+ Kf5 44. f3 Ra2 45. Kg3 b5 46. Kh4
Ke6 47. Kh5 b4 48. Rg6+ Kf7 49. Rd6 Bc4 50. g4 b3 51. d5 Ra5 52. Rb6 Bxd5 53.
f4 Ra2 54. h4 Rg2 55. Rxh6 Bf3 56. Rf6+ Ke7 57. Rg6 Kf7 58. Rf6+ Ke7
1/2-1/2

[Event "TV2 Fagernes International 2018"]
[Site "Scandic Hotel Fagernes"]
[Date "2018.03.25"]
[Round "2"]
[White "Hina, Ariza"]
[Black "Ukkelberg, Øyvind"]
[Result "0-1"]
[WhiteElo "1570"]
[BlackElo "1939"]
[PlyCount "124"]
[EventDate "2018.??.??"]

1. e4 e5 2. Nf3 d6 3. Nc3 Nd7 4. Bc4 Be7 5. d3 h6 6. O-O Ngf6 7. Ne2 O-O 8. Ng3
Re8 9. Qe2 c6 10. Bd2 Bf8 11. Nh4 d5 12. Bb3 Nxe4 13. dxe4 Qxh4 14. exd5 Nf6
15. dxc6 bxc6 16. Qc4 Qxc4 17. Bxc4 Rb8 18. b3 Nd5 19. Rfe1 Nb4 20. Bxb4 Bxb4
21. Red1 Kf8 22. Rd3 e4 23. Re3 f5 24. c3 Bc5 25. Re2 Rd8 26. Kf1 g6 27. Ke1
Rb7 28. Rd1 Rxd1+ 29. Kxd1 Rd7+ 30. Kc2 Rd6 31. b4 Bb6 32. a4 a6 33. Nf1 f4 34.
Nd2 e3 35. fxe3 Bxe3 36. Nf1 Bf5+ 37. Kb2 Bg4 38. Re1 Bf2 39. Rc1 Bc8 40. Rc2
Bb6 41. a5 Ba7 42. Re2 Rd1 43. Rd2 Rxd2+ 44. Nxd2 c5 45. Nf3 Bb7 46. Kc2 Kg7
47. Kd3 Kf6 48. Ke2 g5 49. h3 h5 50. Ne1 cxb4 51. cxb4 g4 52. hxg4 hxg4 53. Nd3
Kf5 54. Kf1 Ke4 55. Nc5+ Bxc5 56. bxc5 Kd4 57. c6 Bc8 58. Bf7 Kc5 59. Be8 Kd6
60. Ke2 Be6 61. Kf1 g3 62. Bg6 Bc4+
0-1

[Event "TV2 Fagernes International 2018"]
[Site "Scandic Hotel Fagernes"]
[Date "2018.03.25"]
[Round "2"]
[White "Filen, Hannu"]
[Black "Wright, Haakon"]
[Result "1/2-1/2"]
[WhiteElo "1930"]
[BlackElo "1798"]
[PlyCount "124"]
[EventDate "2018.??.??"]

1. d4 c5 2. c3 Nf6 3. Bf4 d5 4. e3 e6 5. Nf3 Bd6 6. Bg5 O-O 7. Nbd2 Nbd7 8. Bd3
e5 9. dxe5 Nxe5 10. Nxe5 Bxe5 11. Bc2 Qb6 12. Rb1 h6 13. Bh4 Be6 14. Nf3 Qc7
15. Nxe5 Qxe5 16. Qd3 g5 17. f4 c4 18. Qe2 gxf4 19. Bxf6 Qxf6 20. O-O Rfe8 21.
Rxf4 Qg5 22. Rbf1 Kh8 23. Qf2 Rg8 24. g3 Rg7 25. e4 b6 26. exd5 Bh3 27. Rd1 Rd8
28. Bf5 Bxf5 29. Rxf5 Qe7 30. Rf6 Rd6 31. Rf3 Kg8 32. Re3 Qd7 33. Re5 Rg5 34.
Rxg5+ hxg5 35. Qd4 b5 36. b3 Qc7 37. bxc4 bxc4 38. Re1 Qb6 39. Qxb6 axb6 40.
Rd1 Kg7 41. a4 f5 42. Rd4 g4 43. Kf2 Kf6 44. Ke3 Ke5 45. Rxc4 Rxd5 46. Rc6 Ra5
47. Rxb6 Rxa4 48. Rb5+ Ke6 49. Rb2 Ke5 50. Kd3 f4 51. Rb5+ Kd6 52. gxf4 Rxf4
53. Rh5 g3 54. hxg3 Rf3+ 55. Kd4 Rxg3 56. Rh6+ Kc7 57. c4 Kc8 58. Kc5 Kc7 59.
Rh7+ Kc8 60. Kb6 Rg6+ 61. Kb5 Rf6 62. c5 Rg6
1/2-1/2

[Event "TV2 Fagernes International 2018"]
[Site "Scandic Hotel Fagernes"]
[Date "2018.03.25"]
[Round "2"]
[White "Aarnes, Eirik"]
[Black "Myrheim, Håkon Abeland"]
[Result "0-1"]
[WhiteElo "1785"]
[BlackElo "1914"]
[PlyCount "86"]
[EventDate "2018.??.??"]

1. e4 c5 2. Nf3 Nc6 3. d4 cxd4 4. Nxd4 g6 5. Nc3 Bg7 6. Be3 Nf6 7. Bc4 O-O 8.
Bb3 d5 9. Nxc6 bxc6 10. exd5 cxd5 11. Nxd5 Nxd5 12. Qxd5 Bxb2 13. O-O Ba6 14.
Bh6 e6 15. Qf3 Bxf1 16. Rxf1 Bg7 17. Rd1 Qe7 18. Be3 a5 19. a4 Rad8 20. g3 Qf6
21. Rxd8 Rxd8 22. Qb7 h5 23. c4 Qb2 24. c5 Rd3 25. Qa8+ Kh7 26. c6 Qxb3 27. c7
Rc3 28. c8=Q Rxc8 29. Qxc8 Qxa4 30. Qc7 Qa1+ 31. Kg2 a4 32. Qxf7 a3 33. g4 Qd1
34. Qa7 Qxg4+ 35. Kf1 Qd1+ 36. Kg2 Qd5+ 37. Kf1 a2 38. Bd4 Qxd4 39. Qxa2 Qa1+
40. Qxa1 Bxa1 41. f4 Kg7 42. Kf2 Kf6 43. Kf3 Kf5
0-1

[Event "TV2 Fagernes International 2018"]
[Site "Scandic Hotel Fagernes"]
[Date "2018.03.25"]
[Round "2"]
[White "Shehzad, Shazil"]
[Black "Ali, Karim"]
[Result "0-1"]
[WhiteElo "1912"]
[BlackElo "1739"]
[PlyCount "90"]
[EventDate "2018.??.??"]

1. e4 e6 2. Nf3 b6 3. d4 Bb7 4. Bd3 d6 5. O-O Nd7 6. Qe2 Ne7 7. Bf4 Ng6 8. Bg3
e5 9. c3 Be7 10. Ba6 Bxa6 11. Qxa6 O-O 12. Nbd2 Kh8 13. Qd3 Bf6 14. a4 a5 15.
Nc4 Qe7 16. Ne3 Qd8 17. Rfe1 h5 18. h3 Re8 19. Rad1 Ndf8 20. Qc2 Qc8 21. Nd5
Bd8 22. Rd2 c6 23. Ne3 Nf4 24. Nc4 Bc7 25. dxe5 dxe5 26. Ncxe5 Bxe5 27. Nxe5
Nxh3+ 28. gxh3 Qxh3 29. Nxf7+ Kg8 30. Qb3 Ne6 31. Ng5 Qg4 32. Nxe6 Rxe6 33. Rd6
Rae8 34. Rxe6 Rxe6 35. Qxb6 Rg6 36. Kh2 Kh7 37. Re3 h4 38. Qd4 c5 39. Qe5 Rg5
40. Qf4 hxg3+ 41. Qxg3 Rh5+ 42. Kg2 Qd1 43. Qf3 Qh1+ 44. Kg3 Qg1+ 45. Kf4 Qg5#
0-1

[Event "TV2 Fagernes International 2018"]
[Site "Scandic Hotel Fagernes"]
[Date "2018.03.25"]
[Round "2"]
[White "Unhjem, Bjørn Robert Løvoll"]
[Black "Ranby, Hans"]
[Result "1-0"]
[WhiteElo "1698"]
[BlackElo "1902"]
[PlyCount "89"]
[EventDate "2018.??.??"]

1. e4 b6 2. d4 Bb7 3. Bd3 Nf6 4. Nc3 e6 5. Qe2 Be7 6. Nf3 c5 7. d5 exd5 8. exd5
O-O 9. O-O Nxd5 10. Qe4 f5 11. Qc4 b5 12. Qxb5 Nb6 13. Be2 Nc6 14. Be3 d6 15.
Rad1 Qc8 16. Bf4 Rd8 17. Qb3+ Kh8 18. Qf7 Rf8 19. Qh5 Qe6 20. Rfe1 Ne5 21. b3
Rad8 22. Ng5 Bxg5 23. Bxg5 Rde8 24. Kf1 Qf7 25. f4 Ba6 26. Qxf7 Bxe2+ 27. Rxe2
Nxf7 28. Be7 Rg8 29. Bxd6 Rxe2 30. Kxe2 Re8+ 31. Kf2 c4 32. b4 Kg8 33. Bc5 Re6
34. a4 Re8 35. a5 Nc8 36. b5 Ne7 37. Rd7 Ng6 38. g3 h5 39. Bxa7 h4 40. b6 hxg3+
41. hxg3 Ne7 42. Rc7 Nc8 43. Nb5 Rd8 44. Rxc8 Rxc8 45. b7
1-0

[Event "TV2 Fagernes International 2018"]
[Site "Scandic Hotel Fagernes"]
[Date "2018.03.25"]
[Round "2"]
[White "Mansoor, Afras"]
[Black "Skrede, Alexander"]
[Result "1-0"]
[WhiteElo "1898"]
[BlackElo "1242"]
[PlyCount "105"]
[EventDate "2018.??.??"]

1. d4 d5 2. c4 e5 3. dxe5 d4 4. Nf3 Nc6 5. g3 Nge7 6. Bg2 Ng6 7. Bg5 Bb4+ 8.
Bd2 Ngxe5 9. Bxb4 Nxf3+ 10. Bxf3 Nxb4 11. Qa4+ Nc6 12. Bxc6+ bxc6 13. Qxc6+ Bd7
14. Qe4+ Be6 15. O-O O-O 16. Rd1 c5 17. Nd2 Re8 18. Qf4 Qd7 19. Ne4 Qc6 20.
Rac1 Rad8 21. f3 h6 22. h4 f5 23. Nf2 Qd6 24. Qxd6 Rxd6 25. Nd3 Rc8 26. Kf2 Kf7
27. f4 Ra6 28. a3 Ke7 29. Rd2 Kd6 30. e3 dxe3+ 31. Kxe3 Ke7 32. Ne5 Rd6 33.
Rxd6 Kxd6 34. Rd1+ Kc7 35. Kd3 Rd8+ 36. Kc2 Rxd1 37. Kxd1 h5 38. Kc2 Kb6 39.
Kc3 a5 40. b4 axb4+ 41. axb4 cxb4+ 42. Kxb4 Kc7 43. Kc5 Bc8 44. Kd5 Kb7 45. Kd6
Kb6 46. c5+ Kb5 47. c6 Kb6 48. c7 Kb7 49. Ng6 Kb6 50. Ne7 Kb7 51. Nxc8 Kxc8 52.
Kc6 g5 53. fxg5
1-0

[Event "TV2 Fagernes International 2018"]
[Site "Scandic Hotel Fagernes"]
[Date "2018.03.25"]
[Round "2"]
[White "Selvik, Kjetil"]
[Black "Skrede, Snorre"]
[Result "0-1"]
[WhiteElo "1535"]
[BlackElo "1870"]
[PlyCount "76"]
[EventDate "2018.??.??"]

1. d4 Nf6 2. Bf4 g6 3. Nc3 d5 4. f3 c6 5. e4 dxe4 6. fxe4 Qa5 7. e5 Ne4 8. Bd2
Nxd2 9. Qxd2 Be6 10. Nf3 Bg7 11. Bd3 Nd7 12. O-O O-O-O 13. a3 f6 14. b4 Qc7 15.
exf6 exf6 16. b5 c5 17. d5 Bg4 18. Na4 Bxf3 19. gxf3 f5 20. c4 Bxa1 21. Rxa1
Qe5 22. Rb1 Qd4+ 23. Kg2 Ne5 24. Qa5 Nxd3 25. Qxa7 Qf2+ 26. Kh1 Qxf3+ 27. Kg1
Qe3+ 28. Kh1 Qe4+ 29. Kg1 Qg4+ 30. Kf1 Qh3+ 31. Kg1 Qe3+ 32. Kh1 Nf4 33. Nb6+
Kc7 34. d6+ Rxd6 35. Nd5+ Rxd5 36. b6+ Kd6 37. cxd5 Qf3+ 38. Kg1 Qg2#
0-1

[Event "TV2 Fagernes International 2018"]
[Site "Scandic Hotel Fagernes"]
[Date "2018.03.25"]
[Round "2"]
[White "Hoel, Mathias"]
[Black "Larre, Linnea"]
[Result "1-0"]
[WhiteElo "1842"]
[BlackElo "1347"]
[PlyCount "69"]
[EventDate "2018.??.??"]

1. d4 Nf6 2. c4 g6 3. Nc3 Bg7 4. e4 d6 5. f3 O-O 6. Be3 e5 7. Nge2 exd4 8. Nxd4
Bd7 9. Qd2 Nc6 10. O-O-O a6 11. Kb1 Rb8 12. g4 Re8 13. h4 Ne5 14. Be2 Qc8 15.
Rdg1 Nexg4 16. fxg4 Bxg4 17. Bh6 Nxe4 18. Nxe4 Rxe4 19. Bxg7 Kxg7 20. h5 c5 21.
hxg6 h5 22. Bxg4 Rxg4 23. gxf7 cxd4 24. Qxd4+ Kxf7 25. Qd5+ Qe6 26. Rf1+ Ke7
27. Re1 Qxe1+ 28. Rxe1+ Kd7 29. Re6 Rbg8 30. Qxd6+ Kc8 31. Re7 Rg1+ 32. Kc2
R1g2+ 33. Kb3 R2g3+ 34. Ka4 b5+ 35. Ka5
1-0

[Event "TV2 Fagernes International 2018"]
[Site "Scandic Hotel Fagernes"]
[Date "2018.03.25"]
[Round "2"]
[White "Ski, Jonathan K"]
[Black "Strømhaug, Kristoffer Wang"]
[Result "1-0"]
[WhiteElo "1841"]
[BlackElo "1472"]
[PlyCount "47"]
[EventDate "2018.??.??"]

1. c4 e5 2. Nc3 d6 3. g3 Nf6 4. Bg2 g6 5. Nf3 Bg7 6. O-O O-O 7. d4 Nbd7 8. e3
c6 9. b4 Qc7 10. Qb3 a6 11. a4 Re8 12. Bb2 Rb8 13. b5 exd4 14. exd4 d5 15. cxd5
cxb5 16. axb5 Nb6 17. Ne5 Nfd7 18. d6 Qd8 19. Nxf7 Qf6 20. Ng5+ Kh8 21. Nce4
Qf8 22. Nf7+ Kg8 23. Neg5 h5 24. Ne5+
1-0

[Event "TV2 Fagernes International 2018"]
[Site "Scandic Hotel Fagernes"]
[Date "2018.03.25"]
[Round "2"]
[White "Knutsen, Øystein"]
[Black "Rynning, Rune Kleiven"]
[Result "1-0"]
[WhiteElo "1815"]
[BlackElo "1567"]
[PlyCount "77"]
[EventDate "2018.??.??"]

1. c4 c6 2. Nc3 d5 3. d4 Nf6 4. Nf3 e6 5. g3 Nbd7 6. Bg2 Be7 7. O-O O-O 8. b3
b6 9. Bf4 Bb7 10. cxd5 Nxd5 11. Nxd5 cxd5 12. Rc1 Rc8 13. Rxc8 Qxc8 14. Qc1 Re8
15. Qb2 Qa8 16. Rc1 Rc8 17. Ne5 Nxe5 18. Bxe5 Rxc1+ 19. Qxc1 f6 20. Qc7 Kf8 21.
Bd6 Qe8 22. Bxe7+ Qxe7 23. Qb8+ Kf7 24. Qxa7 Qc7 25. e3 Qc1+ 26. Bf1 Qc6 27.
Ba6 Qc1+ 28. Kg2 Qb1 29. Qxb7+ Kg6 30. Be2 h5 31. h4 f5 32. Qxb6 Kf6 33. Qd8+
Kf7 34. Bxh5+ g6 35. Qc7+ Kf6 36. Bf3 Qxa2 37. b4 Qc4 38. Qb7 f4 39. gxf4
1-0